Fauna salobre tortonense de Villanueva y Geltrú (Barcelona) / por el Dr. D. Jaime Almera... y D. Arturo Bofill y Poch
Descripción Física:
16 p., 2 f. de làm. ; 24 cm
Otros Autores:
Bofill Poch, Arturo
Materias:
Paleontologia -- Vilanova i la Geltrú
MARC
| LEADER | 00000nam a2200000Ia 4500 | ||
|---|---|---|---|
| 001 | 8184 | ||
| 008 | 160829s1895 (Imp. de Henrich y Cª) xx 000 0 cat d | ||
| 080 | |a FU-7-53 | ||
| 100 | |a Almera, Jaime |9 27570 | ||
| 245 | |a Fauna salobre tortonense de Villanueva y Geltrú (Barcelona) / por el Dr. D. Jaime Almera... y D. Arturo Bofill y Poch | ||
| 260 | |a Barcelona : |b Diputació, |c 1895 (Imp. de Henrich y Cª) | ||
| 300 | |a 16 p., 2 f. de làm. ; |c 24 cm | ||
| 650 | |a Paleontologia |x Vilanova i la Geltrú |9 34968 | ||
| 700 | |a Bofill Poch, Arturo |9 48278 | ||
| 710 | 1 | |a Barcelona (Catalunya : Província). |b Diputació |9 52408 | |
| 856 | 4 | |u https://media.diba.cat/diba/fitxers/arxiu/fulletons/bib_8184_1895_baixa.pdf |y Accés lliure | |
| 856 | 4 | |u https://media.diba.cat/diba/fitxers/arxiu/fulletons/bib_8184_1895_baixa.pdf |y Accés lliure | |
| 901 | |a Arxiu | ||
| 942 | |n 1 |2 udc | ||
| 952 | |0 0 |1 0 |4 0 |6 FU753 |7 1 |9 46712 |a Arxiu |b Arxiu |d 2016-12-01 |l 0 |o FU-7-53 |p 8184 |r 2016-12-01 00:00:00 |w 2016-12-01 |y ARXIU | ||
| 999 | |c 50505 |d 50505 | ||
| 900 | |a bib_8184_1895_baixa.pdf | ||